SELECTED WORKS OF MOTILAL NEHRU (Record no. 25861)

MARC details
000 -LEADER
fixed length control field 00379nam a22001577a 4500
003 - CONTROL NUMBER IDENTIFIER
control field SGT
020 ## - INTERNATIONAL STANDARD BOOK NUMBER
International Standard Book Number 9780706926048
082 ## - DEWEY DECIMAL CLASSIFICATION NUMBER
Classification number 923.154
Item number S82R
100 ## - MAIN ENTRY--PERSONAL NAME
Personal name RAVINDER KUMAR
245 ## - TITLE STATEMENT
Title SELECTED WORKS OF MOTILAL NEHRU
260 ## - PUBLICATION, DISTRIBUTION, ETC. (IMPRINT)
Place of publication, distribution, etc INDIA
Name of publisher, distributor, etc VIKAS PUBLICATION HOUSE
Year of Publication 1982
300 ## - PAGE DESCRIPTION
No. of Pages 406
650 ## - SUBJECT ADDED ENTRY--TOPICAL TERM
Topical term or geographic name as entry element PRIME MINISTER OF INDIA
700 ## - ADDED ENTRY--PERSONAL NAME
Personal name D.N. PARIGARH
942 ## - ADDED ENTRY ELEMENTS (KOHA)
Source of classification or shelving scheme Dewey Decimal Classification
Koha item type Books
Holdings
Withdrawn status Lost status Source of classification or shelving scheme Damaged status Not for loan Home library Current library Shelving location Date acquired Vendor Name Volume Information (Serial or Books or Non-Book Material) SGTU Total Checkouts Full call number Accession No. (Barcode) Date last seen Bill Date Koha item type
    Dewey Decimal Classification   Not For Loan SGT Chancellor's Library SGT Chancellor's Library Reference Book 15/04/2024 SGT CHANCELLOR'S COLLECTION VOL-1 SGTU   923.154 S82R CH14 15/04/2024 15/04/2024 Books
    Dewey Decimal Classification   Not For Loan SGT Chancellor's Library SGT Chancellor's Library Reference Book 15/04/2024 SGT CHANCELLOR'S COLLECTION VOL-2 SGTU   923.154 S82R CH15 15/04/2024 15/04/2024 Books
    Dewey Decimal Classification   Not For Loan SGT Chancellor's Library SGT Chancellor's Library Reference Book 15/04/2024 SGT CHANCELLOR'S COLLECTION VOL-3 SGTU   923.154 S82R CH16 15/04/2024 15/04/2024 Books
    Dewey Decimal Classification   Not For Loan SGT Chancellor's Library SGT Chancellor's Library Reference Book 15/04/2024 SGT CHANCELLOR'S COLLECTION VOL-5 SGTU   923.154 S82R CH17 15/04/2024 15/04/2024 Books
    Dewey Decimal Classification   Not For Loan SGT Chancellor's Library SGT Chancellor's Library Reference Book 15/04/2024 SGT CHANCELLOR'S COLLECTION VOL-6 SGTU   923.154 S82R CH18 15/04/2024 15/04/2024 Books
    Dewey Decimal Classification   Not For Loan SGT Chancellor's Library SGT Chancellor's Library Reference Book 15/04/2024 SGT CHANCELLOR'S COLLECTION VOL-6 SGTU   923.154 S82R CH19 15/04/2024 15/04/2024 Books